000 00314nam a22001337a 4500
003 SGT
020 _a9788195562817
082 _a155,SIN
100 _aSINGH, ANKITA
245 _aLIFE SPAN DEVELOPMENT PSYCHOLPGY
260 _aJAIPUR
_bAAVISHKAR PUBLISHERS DISTRIBUTORS
_c2022
300 _a294
942 _2ddc
_cBK
999 _c33923
_d33923